| 000 | 01158cam a22003257a 4500 | ||
|---|---|---|---|
| 003 | CHAP | ||
| 005 | 20220329134245.0 | ||
| 008 | 971013s1984 r 00010 d | ||
| 010 | _a17721 | ||
| 011 | _a18693 | ||
| 035 | _a22778 | ||
| 040 | _cCHAP | ||
| 090 | _aFolleto 10419 | ||
| 100 | 0 | 0 |
_aBlair, A. M. _913024 |
| 245 | 1 | 4 | _aThe effect of temperature and soil moisture on the activity of isoproturon and chlortoluron on Alopecurus myosuroides and winter wheat |
| 260 |
_aOxford : _bWeed Research Organization, _c1984 |
||
| 300 |
_a(19 p.) _b; gráfs. |
||
| 490 | 0 |
_aWeed Reseach Organization. Technical report _v; 75 |
|
| 590 |
_aBATCH-UPD _b10 _c20130110 _lUCH01 _h0909 |
||
| 590 |
_aCONVERSION _b10 _c20130109 _lUCH01 _h1311 |
||
| 650 | 1 | 4 |
_aAlopecurus myosuroides. _94625 |
| 650 | 1 | 4 |
_aHerbicidas. _953691 |
| 650 | 1 | 4 |
_aSuelos _xHumedad _xEfecto en plantas. _9110393 |
| 650 | 1 | 4 |
_aTemperatura _xEfecto en trigo. _9112228 |
| 650 | 1 | 4 |
_aTrigo _xMalas hierbas. _9115053 |
| 830 | 0 |
_aWeed Reseach Organization. Technical report _v; 75 _9121324 |
|
| 901 | _aBK | ||
| 942 | _cFOLL | ||
| 949 |
_aFolleto 10419 _bBC _cFOLL _d-53222 _eTS1 _gI. c/e _i22778 _si _t1.91 |
||
| 999 |
_c17721 _d17721 |
||